Harry Potter Pets Quiz Stats

 Plays Quiz Updated Jan 12, 2012

Support Sporcle.
Go Orange.
Score 0/18 Timer 06:00
0 Plays Today
Owner/Caretaker Name % Correct
Malfoy Family*Dobby
96.2%
Harry PotterHedwig
94.1%
Rubeus HagridFluffy
90%
Rubeus HagridFang
88.2%
Rubeus Hagrid/Sirius BlackBuckbeak
86.1%
Weasley FamilyScabbers
85.1%
Argus FilchMrs Norris
83.5%
Lord VoldemortNagini
81.4%
Hermione GrangerCrookshanks
79.1%
Owner/Caretaker Name % Correct
Black Family/Harry PotterKreacher
78.7%
Rubeus HagridNorberta
77.5%
Albus DumbledoreFawkes
74.8%
Ron WeasleyPigwidgeon
70%
Neville LongbottomTrevor
69%
Rubeus HagridAragog
68%
Weasley FamilyErrol
62.2%
Percy WeasleyHermes
41.1%
Ginny WeasleyArnold
36.9%

From the Vault

Evolution of Countries

by Edelweiss

History 5m
To balance things out, we'll have to publish Creation of Countries next week.
Remove Ads.
Support Sporcle.
Get the best of Sporcle when you Go Orange. This ad-free experience offers more features, more stats, and more fun while also helping to support Sporcle. Thank you for becoming a member.

Show Comments

Extras

Top Quizzes Today


Score Distribution

Your Account Isn't Verified!

In order to create a playlist on Sporcle, you need to verify the email address you used during registration. Go to your Sporcle Settings to finish the process.

Report this User

Report this user for behavior that violates our Community Guidelines.

Details: